Планирование, внедрение и поддержка инфраструктуры Active Directory Windows Server 2003: пер. с англ.

Podrobná bibliografie
Hlavní autor: Спилман Дж. Джилл
Další autoři: Хадсон К. Курт, Крафт М. Мелисса
Shrnutí:Этот официальный учебный курс Microsoft для самоподготовки содержит материалы, необходимые для планирования, установки, настройки и администрирования, устранения неполадок в системе безопасности, проведения мониторинга и оптимизации производительности службы каталогов Active Directory в составе операционной системы Microsoft Windows Server 2003, а также подготовки к сдаче экзамена по программе сертификации Microsoft (сертификат MCSE) 70-294: Planning, Implementing, and Maintaining a Microsoft Windows Server 2003 Active Directory Infrastructure. Достигнуть поставленной цели вам помогут теоретические и практические сведения, реальные примеры, упражнения и вопросы для самопроверки. Книга адресована специалистам в области современных информационных технологий и тем, кто хочет разобраться в работе службы каталогов Active Directory. На прилагаемом компакт-диске находятся электронная версия оригинальной книги (в формате, пригодном для работы на Pocket PC), полностью обновленная система тестирования, справочные материалы для подготовки к экзамену на русском языке в формате Microsoft Word, словарь терминов и другие дополнительные материалы.
Jazyk:ruština
Vydáno: СПб., Питер, 2006
Edice:Официальное пособие для самоподготовки
Учебный курс Microsoft
Témata:
Médium: Neznámo
KOHA link:https://koha.lib.tpu.ru/cgi-bin/koha/opac-detail.pl?biblionumber=90930

MARC

LEADER 00000nmm0a2200000 4500
001 90930
005 20231031103759.0
010 |a 5469009580 
010 |a 5-7502-0254-2 
035 |a (RuTPU)RU\TPU\book\97501 
090 |a 90930 
100 |a 20060216d2006 m y0rusy50 ca 
101 1 |a rus  |c eng 
102 |a RU 
105 |a a j 001zy 
200 1 |a Планирование, внедрение и поддержка инфраструктуры Active Directory Windows Server 2003   |e пер. с англ.  |f Дж. Спилман, К. Хадсон, М. Крафт 
210 |a СПб.  |c Питер  |a Москва  |c Русская Редакция  |d 2006 
215 |a 656 с.  |c ил.  |e CD-ROM 
225 1 |a Официальное пособие для самоподготовки 
225 1 |a Учебный курс Microsoft 
320 |a Об авторах: с. 630. 
330 |a Этот официальный учебный курс Microsoft для самоподготовки содержит материалы, необходимые для планирования, установки, настройки и администрирования, устранения неполадок в системе безопасности, проведения мониторинга и оптимизации производительности службы каталогов Active Directory в составе операционной системы Microsoft Windows Server 2003, а также подготовки к сдаче экзамена по программе сертификации Microsoft (сертификат MCSE) 70-294: Planning, Implementing, and Maintaining a Microsoft Windows Server 2003 Active Directory Infrastructure. Достигнуть поставленной цели вам помогут теоретические и практические сведения, реальные примеры, упражнения и вопросы для самопроверки. Книга адресована специалистам в области современных информационных технологий и тем, кто хочет разобраться в работе службы каталогов Active Directory. На прилагаемом компакт-диске находятся электронная версия оригинальной книги (в формате, пригодном для работы на Pocket PC), полностью обновленная система тестирования, справочные материалы для подготовки к экзамену на русском языке в формате Microsoft Word, словарь терминов и другие дополнительные материалы. 
610 1 |a программирование 
610 1 |a службы каталогов 
610 1 |a Active Directory 
610 1 |a установка 
610 1 |a администрирование 
610 1 |a конфигурирование 
610 1 |a системы безопасности 
610 1 |a операционные системы 
610 1 |a Windows Server 2003 
610 1 |a CD-ROM 
610 1 |a самоучители 
610 1 |a учебные пособия 
675 |a 681.3.066(075.4)  |v 3 
700 1 |a Спилман  |b Дж.  |g Джилл 
701 1 |a Хадсон  |b К.  |g Курт 
701 1 |a Крафт  |b М.  |g Мелисса 
801 1 |a RU  |b 63413507  |c 20060216  |g PSBO 
801 2 |a RU  |b 63413507  |c 20100215  |g PSBO 
942 |c MX 
959 |a 16/20060216  |d 1  |e 0  |f НФ:1